| 000 | 00502nam a22001817a 4500 | ||
|---|---|---|---|
| 003 | OSt | ||
| 005 | 20240402110248.0 | ||
| 008 | 230728b |||||||| |||| 00| 0 eng d | ||
| 020 | _a9781444109870 | ||
| 040 | _cChuka University Library | ||
| 050 |
_aPE 1112 _b.B67 2010 |
||
| 100 |
_aBorjas Kersti and Burridge Kate _911078 |
||
| 245 | _aIntroducing english grammar | ||
| 250 | _aSecond edition | ||
| 300 |
_a316p _bIllustrated |
||
| 650 |
_aGrammar _xEnglish language _911079 |
||
| 942 |
_2lcc _cBK _n0 _03 |
||
| 999 |
_c14865 _d14865 |
||